000 00505nam a2200193 a 4500
001 1769942616170
003 YourLibrary
005 20260201163956.0
008 260201s1999##################000#0#eng##
020 _a9780116211682
082 0 4 _a305.260941
_bJIL
100 1 _aNA, NA,
_eauthor.
245 1 0 _aSocial Focus on Older People :
260 _bPalgrave Macmillan,
_c1999.
300 _a87 pages
650 0 _aLiterary Criticism.
942 _cENGLISH
040 _aYourLibrary
_beng
_cYourLibrary
999 _c609860
_d609860